| 000 | 01023nam a22002415a 4500 | ||
|---|---|---|---|
| 003 | OSt | ||
| 005 | 20180214143345.0 | ||
| 008 | 180214s1981 ua frb 000 0 ara d | ||
| 017 | _a1981 / 5073 | ||
| 020 | _a977735672 | ||
| 040 |
_aEG-ScBUE _bara _cEG-ScBUE |
||
| 082 | 0 | 4 |
_a327.73047 _bش ل ب _222 |
| 100 | 1 | _aشلبي، السيد أمين. | |
| 245 | 1 | 2 |
_aالوفاق الأمريكي السوفيتي، 1963 - 1976 / _cالسيد أمين شلبي. |
| 260 |
_aالقاهرة : _bالهيئة المصرية العامة للكتاب، _c1981. |
||
| 300 |
_a380 ص. ؛ _c24 سم. |
||
| 504 | _aيشتمل على إرجاعات ببليوجرافية. | ||
| 650 | _2BUEsh | ||
| 651 | 7 |
_aالاتحاد السوفيتي _xعلاقات خارجية _zالولايات المتحدة الأمريكية _yقرن 20. _2BUEsh |
|
| 651 | 7 |
_aالولايات المتحدة الأمريكية _xعلاقات خارجية _zالاتحاد السوفيتي _yقرن 20. _2BUEsh |
|
| 653 |
_bBUSBOL _cFebruary2018 |
||
| 942 | _2ddc | ||
| 999 |
_c26139 _d26111 |
||